|
|
|
|
| LEADER |
00000nab a2200000 a 4500 |
| 001 |
vtls009512009 |
| 003 |
SK-MaSNL |
| 005 |
20260318121905.0 |
| 008 |
171110c2008 xo wr p 000 c0ukr |
| 015 |
|
|
|a SNBRB2009/05
|
| 038 |
|
|
|a SVKPOCL
|
| 040 |
|
|
|a SVKPOCL
|b slo
|c SVKPOCL
|e AACR2
|
| 041 |
0 |
|
|a ukr
|
| 044 |
|
|
|a xo
|c SK
|
| 080 |
|
|
|a 37.011.3-051
|2 2001
|
| 080 |
|
|
|a 341.71
|2 2001
|
| 080 |
|
|
|a 929 Micaj, Andrej
|2 2001
|
| 245 |
0 |
0 |
|a Andrij Mycaj
|
| 300 |
|
|
|b Fotogr.
|
| 600 |
1 |
7 |
|a Micaj, Andrej,
|d 1933-2008
|x nekrológy
|2 svkpocl
|9 1588139
|
| 650 |
0 |
7 |
|a osobnosti
|2 snkbucl
|9 29820
|
| 650 |
0 |
7 |
|a pedagógovia
|2 svkpocl
|9 18561
|
| 650 |
0 |
7 |
|a diplomati
|2 svkpocl
|9 2220
|
| 651 |
|
7 |
|a Kalinov (Slovensko)
|2 svkpocl
|9 40748
|
| 651 |
|
7 |
|a Medzilaborce (Slovensko : okres)
|2 svkpocl
|9 29394
|
| 651 |
|
7 |
|a Prešov (Slovensko)
|2 svkpocl
|9 17347
|
| 651 |
|
7 |
|a Moskva (Rusko)
|2 svkpocl
|9 17405
|
| 651 |
|
7 |
|a Medzilaborce (Slovensko)
|2 svkpocl
|9 22171
|
| 651 |
|
7 |
|a Praha (Česko)
|x osobnosti
|2 svkpocl
|9 1039885
|
| 655 |
|
7 |
|a nekrológy
|2 svkpocl
|9 402542
|
| 773 |
0 |
|
|t Nove žyttja
|g Roč. 58, č. 41-42 (2008), s. 4
|
| 852 |
|
|
|a SVKPO
|b KIS3GCP
|
| 958 |
|
|
|a UK
|
| 958 |
|
|
|a SK
|
| 958 |
|
|
|a RN
|
| 958 |
|
|
|a BX
|
| 958 |
|
|
|a CZ
|
| 999 |
|
|
|c 3255045
|d 3256975
|